[Event "Wuertemberg-ch U18"]
[Site "Germany"]
[Date "2004.04.17"]
[Round "7"]
[White "Roemischer, Frank"]
[Black "Hanel, Paul"]
[Result "1-0"]
[WhiteElo "1595"]
[BlackElo "1417"]
[PlyCount "53"]
[EventDate "2004.04.??"]
[EventType "swiss"]
[EventRounds "7"]
[EventCountry "GER"]
[SourceTitle "EXT 2005"]
[Source "ChessBase"]
[SourceDate "2004.11.15"]
[SourceVersion "1"]
[SourceVersionDate "2004.11.15"]
[SourceQuality "1"]

1. e4 Nc6 2. Nc3 d6 3. Bb5 Bd7 4. Nf3 a6 5. Ba4 Nf6 6. 0-0 e5 7. d3 Be7 8. Bg5 h6 9. Bh4 0-0 10. h3 b5 11. Bb3 Kh8 12. a3 Nh7 13. Bxe7 Qxe7 14. Nd5 Qd8 15. c3 f5 16. exf5 Bxf5 17. Ne3 Ne7 18. Nh4 g5 19. Nexf5 Nxf5 20. Ng6+ Kg7 21. Nxf8 Qxf8 22. Bc2 Qf7 23. d4 exd4 24. Bxf5 Qxf5 25. Qxd4+ Kg8 26. Rfe1 Rf8 27. Qe3 1-0

[Event "Wuertemberg-ch U18"]
[Site "Germany"]
[Date "2004.04.15"]
[Round "4"]
[White "Buschle, Benedikt"]
[Black "Roemischer, Frank"]
[Result "1-0"]
[WhiteElo "1885"]
[BlackElo "1595"]
[PlyCount "75"]
[EventDate "2004.04.??"]
[EventType "swiss"]
[EventRounds "7"]
[EventCountry "GER"]
[SourceTitle "EXT 2005"]
[Source "ChessBase"]
[SourceDate "2004.11.15"]
[SourceVersion "1"]
[SourceVersionDate "2004.11.15"]
[SourceQuality "1"]

1. e4 e5 2. Nf3 Nc6 3. Bb5 Bc5 4. c3 d6 5. d4 exd4 6. cxd4 Bb4+ 7. Bd2 Bxd2+ 8. Nbxd2 Bd7 9. 0-0 Nge7 10. Re1 0-0 11. Bd3 Bg4 12. h3 Bxf3 13. Nxf3 Ng6 14. Rc1 a6 15. Bb1 Rc8 16. g3 Qf6 17. Kg2 Rfe8 18. h4 Nf8 19. a3 h5 20. Ba2 Re7 21. Bd5 Nd8 22. e5 dxe5 23. Rxe5 g6 24. Qb3 c6 25. Rxe7 Qxe7 26. Re1 Qd7 27. Bc4 b5 28. Ne5 bxc4 29. Nxd7 cxb3 30. Re8 f5 31. Rxf8+ Kg7 32. Kf3 c5 33. dxc5 Rxc5 34. Rxd8 Rd5 35. Kf4 a5 36. Rg8+ Kf7 37. Rh8 Kg7 38. Rh7+ 1-0

[Event "Wuerttemberg-ch U18"]
[Site "Stuttgart"]
[Date "2003.04.24"]
[Round "4"]
[White "Reischmann, Andreas"]
[Black "Roemischer, Frank"]
[Result "1-0"]
[WhiteElo "1614"]
[BlackElo "1448"]
[PlyCount "35"]
[EventDate "2003.04.??"]
[EventType "swiss"]
[EventRounds "7"]
[EventCountry "GER"]
[SourceTitle "EXT 2005"]
[Source "ChessBase"]
[SourceDate "2004.11.15"]
[SourceVersion "1"]
[SourceVersionDate "2004.11.15"]
[SourceQuality "1"]

1. d4 Nf6 2. c4 g6 3. Nf3 Bg7 4. Nc3 d5 5. Bf4 a6 6. e3 0-0 7. h3 Nc6 8. Be2 Re8 9. 0-0 Bf5 10. Rc1 Rc8 11. cxd5 Nxd5 12. Nxd5 Qxd5 13. Bc4 Qd7 14. Qb3 Na5 15. Bxf7+ Kf8 16. Bxe8 Qxe8 17. Qb4 b6 18. Rxc7 1-0

[Event "Wuerttemberg-ch U16"]
[Site "Lindau"]
[Date "2002.04.05"]
[Round "6"]
[White "Wagner, Stephan1"]
[Black "Roemischer, Frank"]
[Result "1-0"]
[WhiteElo "1312"]
[BlackElo "1419"]
[PlyCount "61"]
[EventDate "2002.04.??"]
[EventType "swiss"]
[EventRounds "7"]
[EventCountry "GER"]
[SourceTitle "EXT 2003"]
[Source "ChessBase"]
[SourceDate "2002.11.25"]
[SourceVersion "1"]
[SourceVersionDate "2002.11.25"]
[SourceQuality "1"]

1. e4 e5 2. Nf3 Nc6 3. Nc3 Nf6 4. d4 exd4 5. Nxd4 Bb4 6. f3 Bxc3+ 7. bxc3 h6 8. Bb5 0-0 9. Ba3 Re8 10. 0-0 a6 11. Ba4 b5 12. Bb3 Bb7 13. Qe1 d6 14. Qg3 Nxd4 15. cxd4 Nh7 16. Rae1 Qg5 17. Qh3 Bc8 18. Qg3 Qxg3 19. hxg3 Bb7 20. c4 Rac8 21. cxb5 axb5 22. d5 Ba6 23. Bb4 c5 24. dxc6 Rxc6 25. Rd1 Rd8 26. e5 Kf8 27. Rxd6 Rdxd6 28. exd6 Ke8 29. Re1+ Kd7 30. Re7+ Kd8 31. Rxf7 1-0

[Event "BEM-ch U16"]
[Site "Tamm"]
[Date "2001.02.10"]
[Round "4"]
[White "Roemischer, Frank"]
[Black "Bissbort, Julian"]
[Result "0-1"]
[WhiteElo "926"]
[BlackElo "1475"]
[PlyCount "100"]
[EventDate "2001.??.??"]
[EventType "swiss"]
[EventRounds "5"]
[EventCountry "GER"]
[SourceTitle "EXT 2003"]
[Source "ChessBase"]
[SourceDate "2002.11.25"]
[SourceVersion "1"]
[SourceVersionDate "2002.11.25"]
[SourceQuality "1"]

1. e4 e5 2. Nf3 Nc6 3. Bb5 d6 4. h3 Nf6 5. Nc3 Bd7 6. d3 Be7 7. Bg5 0-0 8. 0-0 Kh8 9. Re1 Ng8 10. Be3 f5 11. Nd5 Nf6 12. Nxe7 Nxe7 13. Bxd7 Qxd7 14. Bg5 f4 15. d4 Qe6 16. d5 Qd7 17. Qd3 c6 18. c4 h6 19. Bxf6 Rxf6 20. Kh1 Rg8 21. Nh2 h5 22. Qf3 Rh6 23. g4 fxg3 24. Qxg3 g5 25. f3 g4 26. h4 Rf6 27. fxg4 hxg4 28. Rf1 Rh6 29. Rg1 Ng6 30. Qxg4 Qxg4 31. Rxg4 Rxh4 32. Rag1 Rxg4 33. Rxg4 Nf4 34. Kg1 Rxg4+ 35. Nxg4 Nd3 36. b3 Kg7 37. a3 Nc5 38. dxc6 bxc6 39. Kf2 Nxe4+ 40. Ke3 Nf6 41. Nf2 Kf7 42. b4 Nd7 43. Ne4 Ke7 44. Kd3 d5 45. Nd2 Ke6 46. Nb3 d4 47. Nd2 Nb6 48. Ke4 Na4 49. Nf3 Nc3+ 50. Kd3 e4+ 0-1